Urban land management: improving policies and parctices in developing countries of Asia (Record no. 487645)

000 -LEADER
fixed length control field 00556cam a22001577a 4500
008 - FIXED-LENGTH DATA ELEMENTS--GENERAL INFORMATION
fixed length control field 180718b1998 xxu||||| |||| 00| 0 eng d
020 ## - INTERNATIONAL STANDARD BOOK NUMBER
International Standard Book Number 8120412842
082 ## - DEWEY DECIMAL CLASSIFICATION NUMBER
Classification number J7x5 An81
245 ## - TITLE STATEMENT
Title Urban land management: improving policies and parctices in developing countries of Asia
Statement of responsibility, etc. edited by Jamal H. Ansari and Nathaniel Von Einsiedel
260 ## - PUBLICATION, DISTRIBUTION, ETC.
Place of publication, distribution, etc. New Delhi
Name of publisher, distributor, etc. Oxford & IBH Publishing
Date of publication, distribution, etc. 1998
300 ## - PHYSICAL DESCRIPTION
Extent 291p.
650 ## - SUBJECT ADDED ENTRY--TOPICAL TERM
Topical term or geographic name entry element Land use, Urban - Management
650 ## - SUBJECT ADDED ENTRY--TOPICAL TERM
Topical term or geographic name entry element City planning - Asia
700 ## - ADDED ENTRY--PERSONAL NAME
Personal name Einsiedel, Nathaniel Von
700 ## - ADDED ENTRY--PERSONAL NAME
Personal name Ansari, Jamal H.
Holdings
Withdrawn status Lost status Damaged status Not for loan Permanent Location Current Location Date acquired Full call number Barcode Date last seen Price effective from Koha item type
        Indian Institute of Public Administration Indian Institute of Public Administration 2018-08-04 J7x5 An81 GR14968 2018-08-04 2018-08-04 GR

Powered by Koha